000 05073cam a22019334i 4500
003 PE-LiUPU
005 20250813165321.0
008 120210s2012 dcua g 000 0 eng d
020 _a0875530133
020 _a9780875530130
035 _a(Sirsi) i9780875530130
040 _aPE-LiUPU
_bspa
_cPE-LiUPU
_erda
049 _aPRUA
050 4 _aQD142
_b.A5 2012
082 0 4 _a628.161
_bS7
245 0 0 _aStandard Methods for Examination of Water and Wastewater 2012 /
_cprepared and published jointly by American Public Health Association, American Water Works Association, Water Environment Federation.
250 _a22nd edition.
264 1 _aWashington, DC:
_bAmerican Public Health Assn.,
_c[2012].
300 _axxxviii, Numeración variada :
_bilustraciones ;
_c29 centímetros
336 _atext
_2rdacontent
337 _aunmediated
_2rdamedia
338 _avolume
_2rdacarrier
505 0 _aIntroduction -- Physical and aggregate properties -- Metals -- Inorganic nonmetallic constituents -- Aggregate organic constituents -- Individual organic compoundunds -- Radioactivity -- Toxicity -- Microbiological examination ; Eugene W. Rice, Rodger B. Baird, Andrew D. Eaton, Lenore S. Clesceri.
526 _aP203
526 _aP200
526 _aSEG65
526 _aSEG64
526 _aSEG63
526 _aSEG62
526 _aSEG61
526 _aSEG60
526 _aSEG59
526 _aSEG58
526 _aSEG57
526 _aSEG56
526 _aSEG55
526 _aSEG54
526 _aSEG53
526 _aSEG52
526 _aSEG51
526 _aSEG50
526 _aSEG49
526 _aSEG48
526 _aSEG47
526 _aSEG46
526 _aSEG24
526 _aSEG23
526 _aSEG22
526 _aSEG21
526 _aSEG20
526 _aSEG19
526 _aSEG18
526 _aSEG17
526 _aSEG16
526 _aSEG14
526 _aSEG13
526 _aSEG12
526 _aSEG11
526 _aSEG10
526 _aSEG09
526 _aSEG06
526 _aSEG05
526 _aSEG04
526 _aSEG03
526 _aSEG02
526 _aSEG68
526 _aSEG66
526 _aSEG45
526 _aSEG25
526 _aSEG01
526 _aP163
526 _aP162
526 _aP161
526 _aP160
526 _aP159
526 _aP158
526 _aP157
526 _aP156
526 _aP155
526 _aP154
526 _aP153
526 _aP152
526 _aP151
526 _aP150
526 _aP149
526 _aP142
526 _aP141
526 _aP140
526 _aP139
526 _aP138
526 _aP137
526 _aP132
526 _aP131
526 _aP130
526 _aP126
526 _aP125
526 _aP124
526 _aP123
526 _aP115
526 _aP122
526 _aP121
526 _aP116
526 _a P114
526 _aP112
526 _aP111
526 _aP104
526 _aP103
526 _aP102
526 _aP101
526 _aP100
526 _aP96
526 _aP95
526 _aP93
526 _aP92
526 _aP91
526 _aP88
526 _aP83
526 _aP82
526 _aP79
526 _aP78
526 _aP75
526 _aP74
526 _aP71
526 _aP69
526 _a P51
526 _aP49
526 _aP48
526 _aP47
526 _aP33
526 _aP31
526 _a P30
526 _aP29
526 _aP27
526 _aP26
526 _aP25
526 _aP24
526 _a P22
526 _aP10
526 _aP09
526 _a P08
526 _aP06
526 _aP05
526 _aP04
526 _aP01
650 0 _aAgua
_xAnálisis.
_92317
650 0 _aAguas residuales
_xAnálisis.
700 1 _aBaird, Rodger B.
700 1 _aClesceri, Lenore S.
700 1 _aEaton, Andrew D.
700 1 _aRice, Eugene W.
710 2 _aAmerican Public Health Association.
710 2 _aAmerican Water Works Association.
710 2 _aWater Environment Federation.
910 _ajck
_cbd
942 _2ddc
_cBOOK
949 _a628.161 S7
_wDEWEY
_c1
_i70230
_lCCODEBUL1
_mBUL
_p524.00
_r0
_sY
_tBOOK
_u2015-7-24
_xINGENIERIA
_PP24
_0COMPRA
_o.STAFF. Colección General
949 _a628.3 R53 2012
_wDEWEY
_c1
_iFJ07486
_lCCODEBUJ1
_mBUJ
_p524.00
_r0
_sY
_tBOOK
_u2017-10-26
_xINGENIERIA
_PP24
_0COMPRA
_o.STAFF -- Colección General Juliaca
994 _aC0
_bPEPRU
596 _a1 3
999 _a628.161 S7
_wDEWEY
_c6552
_i70230
_d6552
_e2018-6-13
_f2021-11-9
_g7
_lCCODEBUL1
_mBUL
_n3
_p524.00
_q5
_r0
_sY
_tBOOK
_u2015-7-24
_xINGENIERIA
_PP24
_0COMPRA
_o.STAFF. Colección General
999 _a628.3 R53 2012
_wDEWEY
_c1
_iFJ07486
_d2019-6-3
_f2019-11-19
_g3
_lCCODEBUJ1
_mBUJ
_p524.00
_q3
_r0
_sY
_tBOOK
_u2017-4-3
_xINGENIERIA
_PP24
_0COMPRA
_o.STAFF. Colección General Juliaca
980 _81
_gALBERTO SANCHEZ Responsable de Automatización